Scholastic pocket thesaurus / (Record no. 6173)

MARC details
000 -LEADER
fixed length control field 00847nam a22002537a 4500
001 - CONTROL NUMBER
control field 6173
003 - CONTROL NUMBER IDENTIFIER
control field FISKH
005 - DATE AND TIME OF LATEST TRANSACTION
control field 20250324113336.0
008 - FIXED-LENGTH DATA ELEMENTS--GENERAL INFORMATION
fixed length control field 250324b cb ||||| |||| 00| 0 eng d
020 ## - INTERNATIONAL STANDARD BOOK NUMBER
International Standard Book Number 9780439620376
040 ## - CATALOGING SOURCE
Original cataloging agency FISKH
Language of cataloging eng
Transcribing agency FISKH
Modifying agency FISKH
050 ## - LIBRARY OF CONGRESS CALL NUMBER
Classification number PE1591 .P575
082 ## - DEWEY DECIMAL CLASSIFICATION NUMBER
Classification number 423.1
100 ## - MAIN ENTRY--PERSONAL NAME
Personal name Bollard, John K.
245 ## - TITLE STATEMENT
Title Scholastic pocket thesaurus /
Statement of responsibility, etc. By John K. Bollard
250 ## - EDITION STATEMENT
Edition statement First printing , July 2005
260 ## - PUBLICATION, DISTRIBUTION, ETC.
Place of publication, distribution, etc. New York :
Name of publisher, distributor, etc. Scholastic ;
Date of publication, distribution, etc. 2002.
300 ## - PHYSICAL DESCRIPTION
Extent 2520 pages :
Other physical details color illustrations ;
Dimensions 20 cm .
520 ## - SUMMARY, ETC.
Summary, etc. Provides a brief definition and lists of synonyms for common English words, with a cross-referencing index arranged throughout the book alphabetically.
650 ## - SUBJECT ADDED ENTRY--TOPICAL TERM
Topical term or geographic name entry element Language arts
Form subdivision Non-fiction
650 ## - SUBJECT ADDED ENTRY--TOPICAL TERM
Topical term or geographic name entry element Reference
Form subdivision Non-fiction
942 ## - ADDED ENTRY ELEMENTS (KOHA)
Source of classification or shelving scheme Dewey Decimal Classification
Koha item type Books
Suppress in OPAC No
Holdings
Withdrawn status Lost status Source of classification or shelving scheme Damaged status Not for loan Collection Home library Current library Shelving location Date acquired Total Checkouts Full call number Barcode Date last seen Price effective from Koha item type
    Dewey Decimal Classification     Non-Fiction Footprints International School Library Network Toul Tom Poung Campus Footprints International School Library Network Toul Tom Poung Campus TTP Secondary Non-Fiction Bookshelves 03/24/2025   BOL 423.1 PE1591 .P575 FISSE00973 03/24/2025 03/24/2025 Books